[Event "Unterfranken-ch HA 62th"]
[Site "Gerolzhofen"]
[Date "2011.04.29"]
[Round "8"]
[White "Hirsch, Elena"]
[Black "Raab, Franziska"]
[Result "1-0"]
[WhiteElo "989"]
[BlackElo "744"]
[PlyCount "109"]
[EventDate "2011.04.25"]
[EventType "swiss"]
[EventRounds "9"]
[EventCountry "GER"]
[SourceTitle "EXT 2015"]
[Source "ChessBase"]
[SourceDate "2014.11.20"]
[SourceVersion "1"]
[SourceVersionDate "2014.11.20"]
[SourceQuality "1"]

1. d4 Nc6 2. Nf3 e6 3. c4 d5 4. Nc3 dxc4 5. Bg5 Nf6 6. e3 h6 7. Bh4 Nb4 8. Bxc4 Bd6 9. 0-0 g5 10. Bg3 Bxg3 11. fxg3 Ng4 12. Rf2 Nxf2 13. Kxf2 g4 14. Ne5 Qf6+ 15. Kg1 Qg5 16. Qa4+ c6 17. Re1 b5 18. Qxb4 a5 19. Qd6 Ra6 20. Ne4 Qe7 21. Qxe7+ Kxe7 22. Rf1 f5 23. Ng6+ Kf7 24. Nxh8+ Kg7 25. Nd6 Bd7 26. Nhf7 bxc4 27. Ne5 Ra7 28. Ndxc4 a4 29. Nb6 Be8 30. Rc1 Ra6 31. Nbc4 Kf6 32. Kf2 Bg6 33. Nd7+ Ke7 34. Nb8 Ra8 35. Nxc6+ Kf6 36. Nb6 Ra6 37. Nd7+ Kg7 38. Nd8 Be8 39. Ne5 a3 40. bxa3 Rxa3 41. Rc7+ Bf7 42. Rxf7+ Kg8 43. Nc4 Rxa2+ 44. Ke1 Rxg2 45. Nxe6 Rxh2 46. Rf8+ Kh7 47. d5 Rg2 48. d6 Rg1+ 49. Kd2 Rxg3 50. d7 Rg2+ 51. Kd3 Kg6 52. d8Q Kh7 53. Rf7+ Kg6 54. Qf6+ Kh5 55. Nf4# 1-0

[Event "Unterfranken-ch HA 62th"]
[Site "Gerolzhofen"]
[Date "2011.04.28"]
[Round "5"]
[White "Hartlaub, Marianne"]
[Black "Raab, Franziska"]
[Result "1-0"]
[WhiteElo "1342"]
[BlackElo "744"]
[PlyCount "63"]
[EventDate "2011.04.25"]
[EventType "swiss"]
[EventRounds "9"]
[EventCountry "GER"]
[SourceTitle "EXT 2015"]
[Source "ChessBase"]
[SourceDate "2014.11.20"]
[SourceVersion "1"]
[SourceVersionDate "2014.11.20"]
[SourceQuality "1"]

1. Nf3 d5 2. c4 dxc4 3. Qa4+ Bd7 4. Qxc4 e6 5. g3 Nf6 6. Bg2 b5 7. Qc2 Bc6 8. 0-0 Be7 9. d3 h6 10. Nc3 b4 11. Nd1 Bd5 12. b3 Nc6 13. Bb2 Rg8 14. Ne3 g5 15. Rac1 g4 16. Nxd5 Qxd5 17. Nd2 Qb5 18. Bxc6+ Qxc6 19. Qxc6+ Kf8 20. Qxa8+ Kg7 21. Qxa7 Bd6 22. Ne4 e5 23. Nxd6 cxd6 24. Rc7 Rf8 25. Rfc1 Nh7 26. Rc8 Kf6 27. Rxf8 Nxf8 28. Rc7 Kg6 29. Rxf7 Ne6 30. Qe7 Kh5 31. Rf5+ Ng5 32. Qf7# 1-0

[Event "Unterfranken-ch HA 62th"]
[Site "Gerolzhofen"]
[Date "2011.04.27"]
[Round "4"]
[White "Raab, Franziska"]
[Black "Reinhold, Ramona"]
[Result "1-0"]
[WhiteElo "744"]
[BlackElo "1132"]
[PlyCount "49"]
[EventDate "2011.04.25"]
[EventType "swiss"]
[EventRounds "9"]
[EventCountry "GER"]
[SourceTitle "EXT 2015"]
[Source "ChessBase"]
[SourceDate "2014.11.20"]
[SourceVersion "1"]
[SourceVersionDate "2014.11.20"]
[SourceQuality "1"]

1. e4 e5 2. Nf3 Nc6 3. Bc4 Nf6 4. Nc3 Be7 5. Nd5 Nxe4 6. d3 Nd6 7. Bb3 0-0 8. Be3 Nf5 9. Nxe7+ Ncxe7 10. Bg5 h6 11. Bd2 d6 12. g4 Nd4 13. Nxd4 exd4 14. Rg1 Re8 15. g5 Nc6+ 16. Be3 hxg5 17. Qh5 Ne5 18. 0-0-0 dxe3 19. Rxg5 Be6 20. Bxe6 Rxe6 21. d4 Rh6 22. Qxh6 Qf8 23. Rdg1 Nf3 24. Rxg7+ Qxg7 25. Qxg7# 1-0